Ελλάδα, Γιουγκοσλαβία, Σκόπια : γεωπολιτικές επιδιώξεις και διεθνές δίκαιο 1870-2000

Αποθηκεύτηκε σε:
Λεπτομέρειες βιβλιογραφικής εγγραφής
Κύριος συγγραφέας: Σιούσιουρας, Πέτρος Π., 1966-
Μορφή: Βιβλίο
Γλώσσα:Greek
Δημοσίευση: Αθήνα : Παπούλιας, 1999
Θέματα:
Ετικέτες: Προσθήκη ετικέτας
Δεν υπάρχουν, Καταχωρήστε ετικέτα πρώτοι!

MARC

LEADER 00000cam a2200000 i 4500
001 1/80246
008 050707s1999 gr | ||| |||| ||gre||
035 |l 10078977 
040 |a GR-MY-UA  |b gre  |e aacr 
041 0 |a gre 
082 0 |a 306.44  |2 (22) 
100 1 |a Σιούσιουρας, Πέτρος Π.,   |d 1966- 
245 1 0 |a Ελλάδα, Γιουγκοσλαβία, Σκόπια :  |b γεωπολιτικές επιδιώξεις και διεθνές δίκαιο 1870-2000 /  |c Πέτρος Π. Σιούσιουρας 
260 |a Αθήνα :   |b Παπούλιας,   |c 1999 
300 |a 307 σ.;  |c 21 εκ. 
504 |a Περιέχει βιβλιογραφικές παραπομπές 
651 0 |a Greece  |x Foreign relations  |z Yugoslavia. 
651 0 |a Yugoslavia  |x Foreign relations  |z Greece. 
852 |a INST  |b RHODES  |e 20050707  |h 306.44 ΣΙΟ  |p 005400023234  |q 005400023234  |t BK  |y 0 
901 |a BIBL4-2005-2 
909 |a Ρ  |b 101621 
970 |a ΣΙΔΕΡΗ  |b ΝΕΚΤΑΡΙΑ  |z 2005/07/07